00792nam a22002297a 4500003000500000005001700005008004100022010001000063011001000073035001100083040000900094100003300103245009100136260003700227300003900264502012500303650001300428650004200441650002600483650002700509650002600536CHAP20220329143049.0051128d2004 mx a r 00110 spa d a91414 a92386 a102950 cCHAP00aTerrones Cervantes, Roselia.10aPotencial productivo de líneas mejoradas de jamaicac/por Roselia Terrones Cervantes aCocula, Gro. :bEl autor,c2004. a74 h. :bilus.; gráfs.; cuadros. aTesis (Ing. Agr. Fitotecnista) -- Colegio Superior Agropecuario del Estado de Guerrero. Centro de Estudios Profesionales14aJamaica.14aJamaicaxFisiología y morfología.14aJamaicaxFloración.14aJamaicaxMejoramiento.14aJamaicaxRendimiento.